Zür Ökologie von Infektionskrankheiten : (Record no. 173520)
[ view plain ]
| 000 -LEADER | |
|---|---|
| fixed length control field | 01148nam a2200289 u 4500 |
| 001 - CONTROL NUMBER | |
| control field | 000473750 |
| 003 - CONTROL NUMBER IDENTIFIER | |
| control field | AM-YeHGA |
| 005 - DATE AND TIME OF LATEST TRANSACTION | |
| control field | 20250617133930.0 |
| 008 - FIXED-LENGTH DATA ELEMENTS--GENERAL INFORMATION | |
| fixed length control field | 060207s2005 ||||||||r|||||000|0|ger|d |
| 020 ## - INTERNATIONAL STANDARD BOOK NUMBER | |
| International Standard Book Number | 3899370597 |
| 040 ## - CATALOGING SOURCE | |
| Original cataloging agency | AM-YeHGA |
| 041 0# - LANGUAGE CODE | |
| Language code of text/sound track or separate title | ger |
| Language code of summary or abstract | eng |
| 090 ## - LOCALLY ASSIGNED LC-TYPE CALL NUMBER (OCLC); LOCAL CALL NUMBER (RLIN) | |
| -- | 174961 |
| 245 00 - TITLE STATEMENT | |
| Title | Zür Ökologie von Infektionskrankheiten : |
| Remainder of title | Borreliose, Frühsommer-Meningoenzephalitis(FSME) und Fuchsbandwurm : Rundgespräch am 11. Oktober 2004 in München / |
| Statement of responsibility, etc. | Organisatoren : Erika von Mutius, Josef H. Reichholf; Redaktion : Claudia Deigele. |
| 260 ## - PUBLICATION, DISTRIBUTION, ETC. | |
| Place of publication, distribution, etc. | München : |
| Name of publisher, distributor, etc. | F. Pfeil, |
| Date of publication, distribution, etc. | 2005. |
| 300 ## - PHYSICAL DESCRIPTION | |
| Extent | 120 p. |
| Other physical details | ill. |
| 490 1# - SERIES STATEMENT | |
| Series statement | Rundgespräche der Kommission für Ökologie / Bayerische Akademie der Wissenschaften |
| International Standard Serial Number | 0938-5851 |
| Volume/sequential designation | Bd. 29 |
| 504 ## - BIBLIOGRAPHY, ETC. NOTE | |
| Bibliography, etc. note | Includes bibliogr. references |
| 546 ## - LANGUAGE NOTE | |
| Language note | Summary in English |
| 650 14 - SUBJECT ADDED ENTRY--TOPICAL TERM | |
| Topical term or geographic name entry element | Ecology |
| 650 14 - SUBJECT ADDED ENTRY--TOPICAL TERM | |
| Topical term or geographic name entry element | Infectious diseases |
| 700 1# - ADDED ENTRY--PERSONAL NAME | |
| Personal name | Mutius, Erika von |
| Relationship | orm |
| 700 1# - ADDED ENTRY--PERSONAL NAME | |
| Personal name | Reichholf, Josef H. |
| Relationship | orm |
| 700 1# - ADDED ENTRY--PERSONAL NAME | |
| Personal name | Deigele, Claudia |
| Relationship | red |
| 710 2# - ADDED ENTRY--CORPORATE NAME | |
| Corporate name or jurisdiction name as entry element | Bayerische Akademie der Wissenschaften |
| Subordinate unit | Kommission fur Ökologie |
| 830 #0 - SERIES ADDED ENTRY--UNIFORM TITLE | |
| Uniform title | Rundgespräche der Kommission für Ökologie |
| Volume/sequential designation | Bd. 29 |
| Withdrawn status | Lost status | Damaged status | Not for loan | Collection | Home library | Current library | Date acquired | Total checkouts | Full call number | Barcode | Date last seen | Price effective from | Koha item type | Public note |
|---|---|---|---|---|---|---|---|---|---|---|---|---|---|---|
| General | Fundamental Scientific Library | Fundamental Scientific Library | 28/12/2016 | 504.75 | 320112710 | 28/12/2016 | 28/12/2016 | Գրքեր / Books | 30 Days Loan |
ՀՀ Գիտությունների ազգային ակադեմիայի հիմնարար գիտական գրադարան = Fundamental Scientific Library of NAS RA
All site content, except where otherwise noted, is licensed under a